Fizičeskije osnovy kvantovoj elektroniki /

Salvato in:
Dettagli Bibliografici
Autore principale: Klyško, David Nikolajevič (Autore)
Altri autori: Ruchadze, A.A (Compilatore)
Natura: Libro
Pubblicazione: Moskva : Nauka, 1986
Tags: Aggiungi Tag
Nessun Tag, puoi essere il primo ad aggiungerne!!

MARC

LEADER 00000nam a22000003a 4500
001 stu19600
005 20150617225753.8
008 ------s1986----xxr---------------------d
040 |a STU  |b slo 
041 0
044 |a xxr 
080 |a 535  |7 stu_us_auth*stu16839 
100 1 |a Klyško, David Nikolajevič  |4 aut 
245 1 |a Fizičeskije osnovy kvantovoj elektroniki /  |c [aut.]Klyško,David Nikolajevič; Pod.red. Ruchadze,A.A 
260 |a Moskva :  |b Nauka,  |c 1986 
300 |a 292 s :  |b Grafy,lit.,index 
700 1 |a Ruchadze, A.A  |4 com 
996 |b C77993  |c C*77993  |l CCV  |s P  |a 0  |w stu19600_0001